000 00374nam a2200133Ia 4500
008 240624s9999 xx 000 0 und d
041 _aeng
082 _a658 HBS
100 _aHARVARD BUSINESS PRESS
245 _aHARVARD BUSINESS REVIEW ON MANAGING THRO
260 _c2009
_aBoston
_bHarvard Business School Press
300 _avii, : 206 : p. : cm. ; 21
365 _cRS
_b30
999 _c14450
_d14450